| 000 | 00344nam a22001457a 4500 | ||
|---|---|---|---|
| 003 | OSt | ||
| 005 | 20160727222415.0 | ||
| 008 | 160625b xxu||||| |||| 00| 0 eng d | ||
| 040 | _cTEST | ||
| 100 |
_91117 _a Walls, P |
||
| 245 | _aAbby California Gold | ||
| 260 |
_aIll _b Tyndale House _c2001 |
||
| 300 | _aAbby California Gold | ||
| 942 |
_2ddc _cBK |
||
| 999 |
_c901 _d901 |
||